|
|
|
|
| LEADER |
01153nas a22002297i 4500 |
| 003 |
GR-PaULI |
| 008 |
161121c19189999gr sr|p |||| 00| b gre d |
| 040 |
|
|
|a GR-PaULI
|b gre
|e AACR2
|
| 082 |
|
|
|2 23
|a 741.5
|
| 245 |
|
3 |
|a Το γέλιο
|h [περιοδικό] :
|b δεκαπενθήμερον γελοιογραφικόν λεύκωμα.
|
| 260 |
|
|
|a Αθήναι :
|b Εταιρεία Γενικών Διαφημίσεων "Qoq Rouz"
|
| 300 |
|
|
|a τχ. :
|c 30 εκ.
|b εικ. ;
|
| 310 |
|
|
|a Δεκαπενθημερο
|
| 362 |
|
|
|a Άρχισε με το τεύχος 1 (1918).
|
| 500 |
|
|
|3 Τα τεύχη της ΒΚΠ είναι φωτομηχανική ανατύπωση
|
| 588 |
|
|
|a Η περιγραφή βασίζεται στο τεύχος 1 (1918).
|
| 650 |
|
4 |
|a Γελοιογραφίες και σκίτσα
|x Περιοδικά.
|9 200679
|
| 866 |
|
|
|a τχ. 1,2,3,4(1918);τχ. 6,7,8,9,10,11,12,13(1919)
|
| 942 |
|
|
|2 ddc
|c JNL
|
| 952 |
|
|
|0 0
|1 0
|2 ddc
|4 0
|6 741_500000000000000
|7 1
|9 375111
|a LISP
|b LISP
|c SER
|d 2023-11-02
|i ΠΑΤ793
|l 0
|o 741.5
|r 2023-11-02 00:00:00
|w 2023-11-02
|y JNL
|
| 998 |
|
|
|c ΙΩΑΝΝΟΥ
|d 2022-01
|
| 999 |
|
|
|c 218703
|d 218703
|